000 04945namaa22004211i 4500
003 OSt
005 20260419140203.0
008 250827s2025 ua a|||frm||| 000 0 eng d
040 _aEG-GICUC
_bara
_cEG-GICUC
_dEG-GICUC
_erda
041 0 _aara
_bara
_beng
049 _aإيداع
082 0 4 _a346.0682
092 _a346.0682
_221
097 _aمــــاجستير
099 _aCai01.04.08.M.Sc.2025.نا.ت
100 0 _a،ناصر مبارك ناصر الهاجري
_eإعداد.
245 1 0 _aتصفية شركات المساهمة في القانونين المصري والقطري /
_cإعداد ناصر مبارك ناصر الهاجري؛ إشراف أ.د.جمال محمود عبدالعزيز.
246 1 5 _aLiquidation of joint stock companies in egyptian and qatari law /
264 0 _c2025.
300 _a206 صفحة :
_bإيضاحيات ؛
_c30 سم. +
_eCD.
336 _atext
_2rda content
337 _aUnmediated
_2rdamedia
338 _avolume
_2rdacarrier
502 _aأطروحة (ماجستير)-جامعة القاهرة، 2025.
504 _aببليوجرافيا: صفحات 191-202.
520 _aنظراً لأن الشركات المساهمة من الأشكال القانونية الأكثر تأثيراً وانتشاراً في العالم الاقتصادي الحديث. فهي تجسد تجمعاً لرؤوس الأموال من عدد كبير من المساهمين، مما يتيح للشركة المساهمة القدرة على القيام بمشروعات ضخمة واستثمارات واسعة. إلا أن هذه الشركات قد تواجه، في بعض الأحيان، تحديات تؤدي إلى قرار تصفيتها، سواء كانت تلك التحديات مرتبطة بالعوامل الاقتصادية أو الإدارية أو القانونية. ومن هنا، يصبح موضوع تصفية شركات المساهمة ذا أهمية بالغة، حيث يعنى بتنظيم الآليات القانونية والإدارية التي يتم من خلالها إنهاء أعمال الشركة وتصفيتها وفقاً للقوانين المعمول بها.وتتفاوت الأسباب التي قد تؤدي إلى تصفية الشركات المساهمة، حيث يمكن أن تنشأ من قرارات داخلية صادرة عن الجمعية العمومية للشركة بناءً على رؤية استراتيجية، أو من تأثيرات خارجية كتغيرات في البيئة الاقتصادية أو التشريعية. بغض النظر عن السبب، فإن تصفية الشركات تطرح العديد من الإشكاليات القانونية والإدارية، التي تتطلب تنظيماً دقيقاً لضمان حماية حقوق جميع الأطراف المعنية، سواء كانوا مساهمين، دائنين، أو عاملين في الشركة.
520 _aJoint-stock companies are one of the most influential and widespread legal forms in the modern economic world. They represent a pool of capital from a large number of shareholders, enabling joint-stock companies to undertake large-scale projects and investments. However, these companies may sometimes face challenges that lead to the decision to liquidate them, whether these challenges are related to economic, administrative, or legal factors. Hence, the topic of liquidating joint-stock companies becomes of paramount importance, as it concerns regulating the legal and administrative mechanisms through which a company's operations are terminated and liquidated in accordance with applicable laws.The reasons that may lead to the liquidation of joint-stock companies vary. They may arise from internal decisions issued by the company's general assembly based on a strategic vision, or from external influences such as changes in the economic or legislative environment. Regardless of the reason, liquidating companies poses numerous legal and administrative issues, requiring careful organization to ensure the protection of the rights of all stakeholders, whether shareholders, creditors, or employees.
530 _aصدر أيضًا كقرص مدمج.
546 _aالنص بالعربية والملخص باللغة الإنجليزية والعربية.
650 7 _aالشركات
_2qrmak
650 7 _aالقانون التجارى
653 0 _aشركات المساهمة
_aتصفية شركات المساهمة
_aأثار التصفية وانقضائها
700 0 _aجمال محمود عبدالعزيز
_eمشرف أطروحة.
900 _b16-04-2025
_cجمال محمود عبدالعزيز
_dخليل فيكتور تادرس
_dتامر لطفي صبري أحمد
_Uجامعة القاهرة
_Fكلية الحقوق
_Dقسم القانون التجاري
905 _aSara
_eAfaf
942 _2ddc
_cTH
_e21
_n0
999 _c179329